| 000 | 01151cam a22003257a 4500 | ||
|---|---|---|---|
| 001 | 17823328 | ||
| 005 | 20201128021044.0 | ||
| 008 | 130723t2012 cc ako fr 001 0 eng d | ||
| 010 | _a2013427099 | ||
| 020 | _a9781449319267 (pbk.) | ||
| 020 | _a1449319262 (pbk.) | ||
| 040 |
_aTOH _beng _cTOH _dSTU _dYBM _dYDXCP _dBWX _dOCP _dCDX _dDLC |
||
| 082 | 0 | 4 |
_a005.2762 _222 _bNIX |
| 100 | 1 |
_aNixon, Robin, _d1961- |
|
| 245 | 1 | 0 |
_aLearning PHP, MySQL, JavaScript and CSS / _cRobin Nixon. |
| 246 | 1 | 4 |
_aLearning PHP, MySQL, JavaScript, and CSS : _ba step-by-step guide to creating dynamic websites |
| 250 | _a2nd ed. | ||
| 260 |
_aBeijing : _bO'Reilly, _cc.2012. |
||
| 300 |
_axxi, 560 p. : _bforms, photographs, tables ; _c24 cm. |
||
| 504 | _aIndex : p. 537-560. | ||
| 630 | 0 | 0 |
_aMySQL (Electronic resource) _921440 |
| 650 | 0 |
_aPHP (Computer program language) _910111 |
|
| 650 | 0 |
_aWeb site development _911303 |
|
| 650 | 0 |
_aJavaScript (Computer program language) _93099 |
|
| 650 | 0 |
_aWeb sites _xDesign _97205 |
|
| 650 | 0 |
_aCascading style sheets _929999 |
|
| 653 |
_bCOMSCI _cMarch2014 |
||
| 655 |
_vreading book _934232 |
||
| 942 |
_2ddc _k005.2762 NIX |
||
| 999 |
_c18198 _d18170 |
||